<?xml version='1.0' encoding='UTF-8'?>
  <record xmlns="http://www.loc.gov/MARC21/slim">
    <leader>00000ctm a2200000 i 4500</leader>
    <controlfield tag="001">on1076368689</controlfield>
    <controlfield tag="003">OCoLC</controlfield>
    <controlfield tag="005">20240202180208.2</controlfield>
    <controlfield tag="008">181128s1764    ne            001 0 grc d</controlfield>
    <datafield tag="040" ind1=" " ind2=" ">
      <subfield code="a">QGJ</subfield>
      <subfield code="b">eng</subfield>
      <subfield code="e">rda</subfield>
      <subfield code="e">dcrmmss</subfield>
      <subfield code="c">QGJ</subfield>
      <subfield code="d">OCLCQ</subfield>
      <subfield code="d">OCLCO</subfield>
      <subfield code="d">OCLCL</subfield>
    </datafield>
    <datafield tag="035" ind1=" " ind2=" ">
      <subfield code="a">(OCoLC)1076368689</subfield>
    </datafield>
    <datafield tag="245" ind1="0" ind2="0">
      <subfield code="a">Scholia Graeca inedita in Dionysii Peregesin e Bibl. Reg. Paris. Cod. 2833. coll. Cod. 2772. ;</subfield>
      <subfield code="b">Initium Scholiastis Graeci locupletissimi, sed mutili, ex Bibl. Reg. Cod. 2772. descripsi; Dionysii Periegesis ex editione Hillii, collata cum Cod. Ms. Bibl. Reg. n. 2772 /</subfield>
      <subfield code="c">descripsi ex apographo V.C. Dav. Ruhnkenii R.M. van Goens,</subfield>
      <subfield code="f">UBU Hs. 25 (Hs 1 C 14).</subfield>
    </datafield>
    <datafield tag="264" ind1=" " ind2="0">
      <subfield code="a">[Netherlands], :</subfield>
      <subfield code="c">MDCCLXIIII. [1764].</subfield>
    </datafield>
    <datafield tag="300" ind1=" " ind2=" ">
      <subfield code="a">[2], 9 pages, page 9*, pages 10-22, pages 24-59 ;</subfield>
      <subfield code="c">210 x 162 (165 x 115 mm)</subfield>
    </datafield>
    <datafield tag="336" ind1=" " ind2=" ">
      <subfield code="a">text</subfield>
      <subfield code="b">txt</subfield>
      <subfield code="2">rdacontent</subfield>
    </datafield>
    <datafield tag="337" ind1=" " ind2=" ">
      <subfield code="a">unmediated</subfield>
      <subfield code="b">n</subfield>
      <subfield code="2">rdamedia</subfield>
    </datafield>
    <datafield tag="338" ind1=" " ind2=" ">
      <subfield code="a">volume</subfield>
      <subfield code="b">nc</subfield>
      <subfield code="2">rdacarrier</subfield>
    </datafield>
    <datafield tag="340" ind1=" " ind2=" ">
      <subfield code="a">paper</subfield>
      <subfield code="2">rdamat</subfield>
    </datafield>
    <datafield tag="500" ind1=" " ind2=" ">
      <subfield code="a">Pages 32, 45-48, 59-[60] blank.</subfield>
    </datafield>
    <datafield tag="500" ind1=" " ind2=" ">
      <subfield code="a">Includes index: page 31.</subfield>
    </datafield>
    <datafield tag="505" ind1="0" ind2=" ">
      <subfield code="a">P. 1-[30]. Scholia MSS. in Dionysii Alexandrini Periegesin. Ex. Cod. Reg. 2883 contuli Cod. 2772 -- p. 31. Auctores qui hic citantur --p. 33-44. Prolegomena in Dionysii Periegesin. Ex Cod. Reg. 2772 -- p. 49-[58]. Dionysii Periegesis ex edit. Hilii collata cum MS. Regis 2772.</subfield>
    </datafield>
    <datafield tag="524" ind1="8" ind2=" ">
      <subfield code="a">Cite as: Universiteitsbibliotheek Utrecht Hs. 25 (Hs 1 C 14).</subfield>
    </datafield>
    <datafield tag="546" ind1=" " ind2=" ">
      <subfield code="a">Title in Latin; text in Greek.</subfield>
    </datafield>
    <datafield tag="563" ind1=" " ind2=" ">
      <subfield code="a">Parchment binding over pasteboards covered with marbled paper.</subfield>
    </datafield>
    <datafield tag="581" ind1=" " ind2=" ">
      <subfield code="a">P.A. Tiele, Catalogus codicum manu scriptorum Bibliothecae Universitatis Rheno-Trajectinae. I. Trajecti ad Rhenum / Hagae Comitis 1887. P. 5-6.</subfield>
    </datafield>
    <datafield tag="581" ind1=" " ind2=" ">
      <subfield code="a">H. Omont, 'Catalogue des manuscrits grecs des bibliothèques publiques des Pays Bas (Leyde excepté)', in: Centralblatt für Bibliothekswesen 4 (1887), p. 205-211. p. 211 nr. 63.</subfield>
    </datafield>
    <datafield tag="600" ind1="0" ind2="0">
      <subfield code="a">Dionysius,</subfield>
      <subfield code="c">Periegetes.</subfield>
      <subfield code="t">Orbis terrae descriptio.</subfield>
    </datafield>
    <datafield tag="650" ind1=" " ind2="0">
      <subfield code="a">Geography</subfield>
      <subfield code="v">Poetry.</subfield>
    </datafield>
    <datafield tag="650" ind1=" " ind2="0">
      <subfield code="a">Geography, Ancient.</subfield>
    </datafield>
    <datafield tag="650" ind1=" " ind2="0">
      <subfield code="a">Classical geography.</subfield>
    </datafield>
    <datafield tag="600" ind1="1" ind2="4">
      <subfield code="a">Hill, William,</subfield>
      <subfield code="d">1619-1667.</subfield>
    </datafield>
    <datafield tag="650" ind1=" " ind2="6">
      <subfield code="a">Géographie</subfield>
      <subfield code="v">Poésie.</subfield>
    </datafield>
    <datafield tag="650" ind1=" " ind2="6">
      <subfield code="a">Géographie ancienne.</subfield>
    </datafield>
    <datafield tag="600" ind1="0" ind2="7">
      <subfield code="a">Dionysius,</subfield>
      <subfield code="c">Periegetes.</subfield>
      <subfield code="2">fast</subfield>
      <subfield code="0">(OCoLC)fst00146027</subfield>
    </datafield>
    <datafield tag="630" ind1="0" ind2="7">
      <subfield code="a">Orbis terrae descriptio (Dionysius, Periegetes)</subfield>
      <subfield code="2">fast</subfield>
      <subfield code="0">(OCoLC)fst01379997</subfield>
    </datafield>
    <datafield tag="650" ind1=" " ind2="7">
      <subfield code="a">Geography.</subfield>
      <subfield code="2">fast</subfield>
      <subfield code="0">(OCoLC)fst00940469</subfield>
    </datafield>
    <datafield tag="650" ind1=" " ind2="7">
      <subfield code="a">Geography, Ancient.</subfield>
      <subfield code="2">fast</subfield>
      <subfield code="0">(OCoLC)fst00940567</subfield>
    </datafield>
    <datafield tag="655" ind1=" " ind2="7">
      <subfield code="a">Poetry.</subfield>
      <subfield code="2">fast</subfield>
      <subfield code="0">(OCoLC)fst01423828</subfield>
    </datafield>
    <datafield tag="700" ind1="1" ind2=" ">
      <subfield code="a">Ruhnkenius, David,</subfield>
      <subfield code="d">1723-1798.</subfield>
      <subfield code="1">https://id.oclc.org/worldcat/entity/E39PBJdWWXkVcRHk4Xqckx4Xh3</subfield>
    </datafield>
    <datafield tag="700" ind1="1" ind2=" ">
      <subfield code="a">Goens, Rijklof Michaël van,</subfield>
      <subfield code="d">1748-1810,</subfield>
      <subfield code="e">scribe.</subfield>
      <subfield code="4">scr</subfield>
      <subfield code="1">https://id.oclc.org/worldcat/entity/E39PBJvd8qM7pgWcKqY76Bctrq</subfield>
    </datafield>
    <datafield tag="700" ind1="0" ind2=" ">
      <subfield code="a">Dionysius,</subfield>
      <subfield code="c">Periegetes.</subfield>
      <subfield code="t">Orbis terrae descriptio.</subfield>
    </datafield>
    <datafield tag="710" ind1="2" ind2=" ">
      <subfield code="a">Universiteit Utrecht.</subfield>
      <subfield code="b">Bibliotheek.</subfield>
      <subfield code="k">Manuscript</subfield>
      <subfield code="n">(Hs. 25 (Hs 1 C 14th))</subfield>
    </datafield>
    <datafield tag="758" ind1=" " ind2=" ">
      <subfield code="i">has work:</subfield>
      <subfield code="a">Scholia Graeca inedita in Dionysii Peregesin e Bibl. Reg. Paris. Cod. 2833. coll. Cod. 2772 UBU Hs. 25 (Hs 1 C 14) (Text)</subfield>
      <subfield code="1">https://id.oclc.org/worldcat/entity/E39PCGmYcJHK3mkmj4F9MD8xj3</subfield>
      <subfield code="4">https://id.oclc.org/worldcat/ontology/hasWork</subfield>
    </datafield>
  </record>